Normal view
MARC view
Entry Topical Term
001 - CONTROL NUMBER
- control field: 15419
003 - CONTROL NUMBER IDENTIFIER
- control field: dpl
005 - DATE AND TIME OF LATEST TRANSACTION
- control field: 20100820111935.0
008 - FIXED-LENGTH DATA ELEMENTS
- fixed length control field: 100820|||a|||||| | ||| d
040 ## - CATALOGING SOURCE
- Original cataloging agency: dpl
- Transcribing agency: dpl
150 ## - HEADING--TOPICAL TERM
- Topical term or geographic name as entry element: Digital Control System
670 ## - SOURCE DATA FOUND
- Source citation: Work cat.: (dpl)41355: Mahalakshmi, M. 15417, 8051 microcontroller and its applications /, 2009
670 ## - SOURCE DATA FOUND
- Source citation: Work cat.: (dpl)41355: Mahalakshmi, M. 15417, 8051 microcontroller and its applications /, 2009
